<?xml version="1.0" encoding="UTF-8"?>
<record
    xmlns:xsi="http://www.w3.org/2001/XMLSchema-instance"
    xsi:schemaLocation="http://www.loc.gov/MARC21/slim http://www.loc.gov/standards/marcxml/schema/MARC21slim.xsd"
    xmlns="http://www.loc.gov/MARC21/slim">

  <leader>00925nab a2200205 i 4500</leader>
  <controlfield tag="001">768714001</controlfield>
  <controlfield tag="003">CO-MdFUSB</controlfield>
  <controlfield tag="005">20230505110635.0</controlfield>
  <controlfield tag="008">230505s1998    us ||||| |||| 00| 0 eng d</controlfield>
  <datafield tag="040" ind1=" " ind2=" ">
    <subfield code="b">eng</subfield>
    <subfield code="a">CO-MdFUSB</subfield>
    <subfield code="c">CO-MdFUSB</subfield>
    <subfield code="d">CO-MdFUSB</subfield>
  </datafield>
  <datafield tag="041" ind1=" " ind2=" ">
    <subfield code="a">eng</subfield>
  </datafield>
  <datafield tag="110" ind1=" " ind2=" ">
    <subfield code="a">Leadership </subfield>
  </datafield>
  <datafield tag="245" ind1="1" ind2=" ">
    <subfield code="a">Case study</subfield>
    <subfield code="b">: &#xA8;we should be growing&#xA8;</subfield>
    <subfield code="c">/ Leadership </subfield>
  </datafield>
  <datafield tag="300" ind1=" " ind2=" ">
    <subfield code="a">Volumen 19, n&#xFA;mero 3 (Summer 1998), p&#xE1;ginas 60 - 67</subfield>
    <subfield code="c">; 27 cm.</subfield>
  </datafield>
  <datafield tag="520" ind1=" " ind2=" ">
    <subfield code="a">La frustraci&#xF3;n m&#xE1;s com&#xFA;n entre los pastores hoy en d&#xED;a podr&#xED;a ser la impotencia de
no ver a la iglesia crecer. He aqu&#xED; una explicaci&#xF3;n a esta situaci&#xF3;n que muchos pastores
experimentan. Tres respetados observadores ofrecen su an&#xE1;lisis. </subfield>
  </datafield>
  <datafield tag="546" ind1=" " ind2=" ">
    <subfield code="a">Texto en Ingl&#xE9;s </subfield>
  </datafield>
  <datafield tag="650" ind1=" " ind2="0">
    <subfield code="9">362</subfield>
    <subfield code="a">Evangelizaci&#xF3;n</subfield>
  </datafield>
  <datafield tag="773" ind1="0" ind2=" ">
    <subfield code="0">68780</subfield>
    <subfield code="9">81947</subfield>
    <subfield code="o">R2462</subfield>
    <subfield code="t">Leadership : </subfield>
    <subfield code="w">(CO-MdFUSB)768714001</subfield>
    <subfield code="g">Volumen 19, n&#xFA;mero 3 (Summer 1998), p&#xE1;ginas 60-67</subfield>
    <subfield code="q">p&#xE1;gina 60</subfield>
  </datafield>
  <datafield tag="942" ind1=" " ind2=" ">
    <subfield code="c">ANA</subfield>
  </datafield>
  <datafield tag="999" ind1=" " ind2=" ">
    <subfield code="c">68846</subfield>
    <subfield code="d">68846</subfield>
  </datafield>
</record>
